Vista normal
Vista MARC
Entrada Topical Term
Número de registros utilizados en: 1
001 - CONTROL NUMBER
- control field: 42488
003 - CONTROL NUMBER IDENTIFIER
- control field: OSt
005 - DATE AND TIME OF LATEST TRANSACTION
- control field: 20221209074512.0
008 - FIXED-LENGTH DATA ELEMENTS
- fixed length control field: 221209|| aca||aabn | a|a d
040 ## - CATALOGING SOURCE
- Original cataloging agency: OSt
- Transcribing agency: OSt
150 ## - HEADING--TOPICAL TERM
- Topical term or geographic name entry element: Lógica
670 ## - SOURCE DATA FOUND
- Source citation: Work cat.: (OSt)29523: Tahan, Malba, autor 42138, El hombre que calculaba / , 1999